हस्तियो के लव लेटर्रर्रर्रर्रर / (Record no. 72640)

MARC details
000 -LEADER
fixed length control field 01136nam a22002897a 4500
005 - DATE AND TIME OF LATEST TRANSACTION
control field 20121112114056.0
008 - FIXED-LENGTH DATA ELEMENTS--GENERAL INFORMATION
fixed length control field 101019t xxu||||| |||| 00| 0 hin d
010 ## - LCCN (DPL NO)
LC control number HIN-97946
020 ## - INTERNATIONAL STANDARD BOOK NUMBER
Terms of availability 350.00
International Standard Book Number 9788188459476
035 ## - SYSTEM CONTROL NUMBER
System control number HN-70292
037 ## - SOURCE OF ACQUISITION
Source of stock number/acquisition DBAD / PUB
040 ## - CATALOGING SOURCE
Original cataloging agency DPL
Language of cataloging HN
082 ## - DEWEY DECIMAL CLASSIFICATION NUMBER
Classification number 808.88
100 ## - MAIN ENTRY--PERSONAL NAME
9 (RLIN) 23632
Personal name अजीत सिंह 'बजरंगी'
245 ## - TITLE STATEMENT
Title हस्तियो के लव लेटर्रर्रर्रर्रर /
Statement of responsibility, etc अजीत सिंह 'बजरंगी'
260 ## - PUBLICATION, DISTRIBUTION, ETC. (IMPRINT)
Place of publication, distribution, etc दिल्ली
Name of publisher, distributor, etc शुभदा प्रकाशन
Date of publication, distribution, etc 2011
270 ## - ADDRESS
City दिल्ली
Address 1/11052-ए,सुभाष पार्क, शहादरा
Postal code 110032
300 1# - PHYSICAL DESCRIPTION
Extent 280पृ.
Dimensions 21सेमी (सजिल्द)
650 ## - SUBJECT ADDED ENTRY--TOPICAL TERM
9 (RLIN) 657
650 ## - SUBJECT ADDED ENTRY--TOPICAL TERM
9 (RLIN) 698
700 ## - ADDED ENTRY--PERSONAL NAME
9 (RLIN) 48760
700 ## - ADDED ENTRY--PERSONAL NAME
9 (RLIN) 53579
710 ## - ADDED ENTRY--CORPORATE NAME
9 (RLIN) 34811
710 ## - ADDED ENTRY--CORPORATE NAME
9 (RLIN) 35049
942 ## - ADDED ENTRY ELEMENTS (KOHA)
Source of classification or shelving scheme Dewey Decimal Classification
Item type Hindi Books
Call number suffix अजीत
Classification part 808.88
Holdings
Withdrawn status Lost status Source of classification or shelving scheme Damaged status Not for loan Collection code Home library Current library Date acquired Source of acquisition Cost, normal purchase price Total Checkouts Full call number Barcode Date last seen Copy number Cost, replacement price Koha item type
    Dewey Decimal Classification   Not For Loan Non-fiction D.B.Act.Division D.B.Act.Division 04/01/2013 DBAD/PUB 350.00   808.88 अजीत HN-70292 04/01/2013 1 350.00 Hindi Books

© Delhi Public Library
Hit Counter
free hit counter